000 00368nam a2200145Ia 4500
005 20251222140036.0
008 251222s1900||||xx |||||||||||||| ||spa||
020 _a9586252914
082 _a128.3/V39/T.II
100 _aVélez Correa, Jaime. P. sj
245 0 _aEl Hombre un Enigma:
250 _a2da.ed.
264 _bConsejo Episcopal Latinoamericano
942 _cLIB
999 _c3124
_d3124